| 000 | 00474nam a2200145 i 4500 | ||
|---|---|---|---|
| 001 | bg | ||
| 100 | 1 | _aTERREL, M. E. | |
| 245 | 0 |
_aProdukcja posiłków w zakładach żywienia zbiorowego / _cM. E. Terrel. |
|
| 260 |
_aWarszawa : _bWydawnictwa Naukowo-Techniczne, _c1975. |
||
| 040 | _cBPK | ||
| 041 | _apol | ||
| 942 | _cKS | ||
| 008 | s pl f |000 0 pol | ||
| 856 |
_uhttp://koha.tu.koszalin.pl/cgi-bin/koha/opac-detail.pl?biblionumber=5940 _yKatalog online BPK |
||
| 999 |
_c5940 _d5940 |
||